| 000 | 00604nam a22001937a 4500 | ||
|---|---|---|---|
| 005 | 20240703144610.0 | ||
| 010 | _aENG-140471 | ||
| 020 |
_a9789391399115 _c200.00 |
||
| 035 | _aEN-124003 | ||
| 037 | _bDBAD | ||
| 082 | _a370 | ||
| 100 |
_aJoseph, Christo _968053 |
||
| 245 |
_aBring Fun to Online Teaching: _bA Handy Guide for Inquistive Teachers/ _cBy Christo Joseph |
||
| 260 |
_bATC Publishers _c2022 _aBengaluru |
||
| 270 | _aNo.5. Nandidurga Road, Benson Town, Bengaluru | ||
| 300 |
_a90p. _c23cm(pb) |
||
| 700 |
_aJoseph Christo _eAuthor _966728 |
||
| 942 |
_2ddc _cEN _h370 _mJOS |
||
| 999 |
_c203157 _d203157 |
||